000 00653nam a2200265Ia 4500
005 20260306164038.0
008 008 260114s9999 xx 000 0 eng d
020 _a9780748671588
037 _aEBOOK
040 _aCRL
040 _beng
040 _cCRL
041 _2eng
041 _aeng
084 _qCRL
100 _aJean Clark Foundation For Legal Edu, Rodger
_91129889
245 4 _aThe Courts, The Church And The Constitution
260 _bEdinburgh University Press
260 _c2012
650 _aLaw
856 _uhttps://academic.oup.com/book/14477
942 _cEBOOK
999 _c1712528
_d1712528